[Event "Hamburg-ch Seniors 65+ op 26th"]
[Site "Hamburg"]
[Date "2019.11.13"]
[Round "3"]
[White "Strampfer, Jens"]
[Black "Grimm, Uwe"]
[Result "0-1"]
[WhiteElo "2013"]
[BlackElo "2104"]
[PlyCount "56"]
[EventDate "2019.11.11"]
[EventType "swiss"]
[EventRounds "9"]
[EventCountry "GER"]
[SourceTitle "EXT 2022"]
[Source "ChessBase"]
[SourceDate "2021.10.06"]
[SourceVersion "1"]
[SourceVersionDate "2021.10.06"]
[SourceQuality "1"]

1. b3 d5 2. e3 Bf5 3. Bb2 e6 4. f4 Nf6 5. Nf3 h6 6. d4 Nbd7 7. Bd3 Ne4 8. 0-0 Bd6 9. c4 c6 10. Nc3 Ndf6 11. Qc2 Nxc3 12. Bxc3 Bxd3 13. Qxd3 Ne4 14. b4 0-0 15. Rfb1 a6 16. a4 g5 17. c5 Bc7 18. g3 gxf4 19. gxf4 Kh8 20. Ra2 Rg8+ 21. Kf1 Qf6 22. Rbb2 Qf5 23. Ke1 Qh3 24. Rf2 Bd8 25. Ba1 Bh4 26. Nxh4 Nxf2 27. Rxf2 Rg1+ 28. Ke2 Qxh4 0-1

[Event "SVE Seniors op 2nd"]
[Site "Eidelstedt"]
[Date "2019.08.05"]
[Round "7"]
[White "Van Riesen, Klaus"]
[Black "Grimm, Uwe"]
[Result "0-1"]
[WhiteElo "2053"]
[BlackElo "2069"]
[PlyCount "94"]
[EventDate "2019.07.15"]
[EventType "swiss"]
[EventRounds "7"]
[EventCountry "GER"]
[SourceTitle "EXT 2020"]
[Source "ChessBase"]
[SourceDate "2019.10.17"]
[SourceVersion "1"]
[SourceVersionDate "2019.10.17"]
[SourceQuality "1"]

1. e4 Nc6 2. Nf3 d6 3. d4 Nf6 4. c3 e6 5. Bd3 a6 6. 0-0 Be7 7. Re1 e5 8. h3 h6 9. b4 Bd7 10. dxe5 Nxe5 11. Nxe5 dxe5 12. Bc4 Bd6 13. Nd2 Qe7 14. Bb2 g5 15. Kh2 a5 16. a3 b6 17. g3 h5 18. Be2 Bc6 19. Bf1 Rd8 20. Bg2 Bd7 21. Nc4 Be6 22. Qe2 Bxc4 23. Qxc4 h4 24. g4 0-0 25. Qe2 Ra8 26. Bc1 Nh7 27. Be3 Rfd8 28. Red1 Nf8 29. Qf3 Ne6 30. Qf5 Kg7 31. Bf1 f6 32. Bc4 Nf8 33. Bd5 Ra7 34. Qf3 Ng6 35. Qe2 Nf4 36. Bxf4 exf4 37. f3 Qe5 38. Qc2 axb4 39. axb4 Rxa1 40. Rxa1 Bxb4 41. Rc1 Bc5 42. Ra1 Bd6 43. Ra8 Rxa8 44. Bxa8 Qa5 45. Bc6 Qc5 46. Bd5 Be5 47. c4 Qe3 0-1

[Event "SVE Seniors op 2nd"]
[Site "Eidelstedt"]
[Date "2019.07.15"]
[Round "1"]
[White "Rudolph, Guenther"]
[Black "Grimm, Uwe"]
[Result "0-1"]
[WhiteElo "1546"]
[BlackElo "2069"]
[PlyCount "58"]
[EventDate "2019.07.15"]
[EventType "swiss"]
[EventRounds "7"]
[EventCountry "GER"]
[SourceTitle "EXT 2020"]
[Source "ChessBase"]
[SourceDate "2019.10.17"]
[SourceVersion "1"]
[SourceVersionDate "2019.10.17"]
[SourceQuality "1"]

1. e4 c5 2. Nf3 Nc6 3. d4 cxd4 4. Nxd4 g6 5. Be3 Bg7 6. Nc3 Qa5 7. a3 d6 8. Be2 Nf6 9. 0-0 0-0 10. Re1 Bd7 11. Qd2 Nxd4 12. Bxd4 Nxe4 13. Nxe4 Qxd2 14. Nxd2 Bxd4 15. c3 Bg7 16. Bf3 Be6 17. Re4 Rab8 18. Rae1 b5 19. Bg4 Bxg4 20. Rxg4 e6 21. Nf3 a5 22. Nd4 h5 23. Rge4 d5 24. Rh4 Rfc8 25. Nb3 b4 26. Nxa5 bxa3 27. Rb4 axb2 28. Rxb8 Rxb8 29. Rb1 Bxc3 0-1

[Event "Lueneburg distr-ch Meister"]
[Site "Bergen"]
[Date "2018.10.11"]
[Round "2.1"]
[White "Harms, Friedjof"]
[Black "Grimm, Uwe"]
[Result "1/2-1/2"]
[WhiteElo "1925"]
[BlackElo "2051"]
[PlyCount "48"]
[EventDate "2018.10.11"]
[EventType "swiss"]
[EventRounds "7"]
[EventCountry "GER"]
[SourceTitle "EXT 2020"]
[Source "ChessBase"]
[SourceDate "2019.10.17"]
[SourceVersion "1"]
[SourceVersionDate "2019.10.17"]
[SourceQuality "1"]

1. e4 d6 2. Nf3 Bg4 3. d4 Nd7 4. Be3 e5 5. c3 Bxf3 6. Qxf3 Ngf6 7. Nd2 c6 8. Bd3 Qc7 9. g4 h6 10. h4 h5 11. g5 Ng4 12. Bc4 f6 13. Be6 Nxe3 14. fxe3 Be7 15. Qf5 Nf8 16. Bc4 Qd7 17. Qxd7+ Kxd7 18. Nf3 Kc7 19. Ke2 a5 20. Rag1 b5 21. Bf7 Ra7 22. Rg2 Kb6 23. Bb3 a4 24. Bd1 Ne6 1/2-1/2

[Event "GER-ch Seniors 65+ 30th"]
[Site "Hamburg"]
[Date "2018.07.23"]
[Round "3"]
[White "Grimm, Uwe"]
[Black "Schmidt, Gerhard3333"]
[Result "1/2-1/2"]
[WhiteElo "2042"]
[BlackElo "2174"]
[PlyCount "47"]
[EventDate "2018.07.21"]
[EventType "swiss"]
[EventRounds "9"]
[EventCountry "GER"]
[SourceTitle "EXT 2020"]
[Source "ChessBase"]
[SourceDate "2019.10.17"]
[SourceVersion "1"]
[SourceVersionDate "2019.10.17"]
[SourceQuality "1"]

1. f4 g6 2. Nf3 Bg7 3. e3 d5 4. d4 Nf6 5. Bd3 0-0 6. c3 b6 7. 0-0 Ba6 8. Bxa6 Nxa6 9. Nbd2 c5 10. Qe2 Qc8 11. Kh1 Nc7 12. a4 Nce8 13. dxc5 Qxc5 14. e4 dxe4 15. Nxe4 Nxe4 16. Qxe4 Nf6 17. Qe1 Qc7 18. Qh4 Qc5 19. Re1 Rfd8 20. h3 e6 21. Ne5 Nd5 22. Nf3 Nf6 23. Ne5 Nd5 24. Nf3 1/2-1/2

[Event "GER-ch Seniors 65"]
[Site "Hamburg"]
[Date "2018.07.22"]
[Round "2"]
[White "Schubert, Joachim"]
[Black "Grimm, Uwe"]
[Result "0-1"]
[WhiteElo "1866"]
[BlackElo "2042"]
[PlyCount "96"]
[EventDate "2018.07.21"]
[EventType "swiss"]
[EventRounds "9"]
[EventCountry "GER"]
[SourceTitle "CBM 186 Extra"]
[Source "ChessBase"]
[SourceDate "2018.08.24"]
[SourceVersion "1"]
[SourceVersionDate "2018.08.24"]
[SourceQuality "1"]

1. e4 Nc6 2. d4 e5 3. d5 Nce7 4. Bd3 Ng6 5. Ne2 Bc5 6. 0-0 Nf6 7. Ng3 d6 8. h3 h6 9. Be3 0-0 10. Bxc5 dxc5 11. c4 Bd7 12. Nc3 a6 13. Nce2 Nf4 14. Nxf4 exf4 15. Ne2 f3 16. gxf3 Bxh3 17. Re1 Nh5 18. Ng3 Nf4 19. Re3 Qg5 20. Bf1 Bc8 21. Bg2 h5 22. Qf1 h4 23. Ne2 Nxe2+ 24. Rxe2 h3 25. e5 hxg2 26. Qxg2 Qxg2+ 27. Kxg2 Bf5 28. Rc1 Rae8 29. Kg3 g6 30. f4 Kg7 31. f3 Rh8 32. Rg2 b6 33. a3 a5 34. b3 Rh3+ 35. Kf2 Reh8 36. Rc3 Rh1 37. b4 Rb1 38. bxa5 bxa5 39. Ke3 a4 40. Rd2 Rhb8 41. e6 Re8 42. Kf2 fxe6 43. d6 cxd6 44. Rxd6 Rb3 45. Rc1 Rxa3 46. Rc6 Rd8 47. Rxc5 Rd2+ 48. Kg3 Raa2 0-1

[Event "Lueneburg distr-ch Meister"]
[Site "Lueneburg"]
[Date "2017.10.14"]
[Round "5"]
[White "Grimm, Uwe"]
[Black "Palmer, Harald"]
[Result "0-1"]
[WhiteElo "2090"]
[BlackElo "1878"]
[PlyCount "78"]
[EventDate "2017.10.12"]
[EventType "swiss"]
[EventRounds "7"]
[EventCountry "GER"]
[SourceTitle "EXT 2019"]
[Source "ChessBase"]
[SourceDate "2018.10.10"]
[SourceVersion "1"]
[SourceVersionDate "2018.10.10"]
[SourceQuality "1"]

1. f4 c5 2. Nf3 e6 3. e3 Nc6 4. Bb5 Nf6 5. Bxc6 bxc6 6. d3 Be7 7. 0-0 0-0 8. Kh1 Bb7 9. Qe2 Qc7 10. e4 d5 11. e5 Nd7 12. b3 Rae8 13. Bb2 Ba6 14. Nbd2 f6 15. Rae1 Qd8 16. a4 f5 17. Qf2 Kh8 18. Ba3 Rg8 19. Rg1 Qb6 20. Qg3 Qd8 21. Qh3 Bb7 22. g4 g6 23. Rg3 Rg7 24. gxf5 exf5 25. Bb2 Nf8 26. Reg1 Ne6 27. Qh6 Reg8 28. Ng5 Bxg5 29. Rxg5 d4 30. R5g3 c4 31. bxc4 c5+ 32. Nf3 Qe7 33. Bc1 g5 34. fxg5 Nxg5 35. Bxg5 Rxg5 36. Rf1 Rxg3 37. hxg3 Rxg3 38. Qf4 Rg4 39. Qxf5 Qh4# 0-1

[Event "Lueneburg distr-ch Meister"]
[Site "Lueneburg"]
[Date "2017.10.12"]
[Round "1"]
[White "Lehmkuhl, Stefan"]
[Black "Grimm, Uwe"]
[Result "1/2-1/2"]
[WhiteElo "1852"]
[BlackElo "2090"]
[PlyCount "91"]
[EventDate "2017.10.12"]
[EventType "swiss"]
[EventRounds "7"]
[EventCountry "GER"]
[SourceTitle "EXT 2019"]
[Source "ChessBase"]
[SourceDate "2018.10.10"]
[SourceVersion "1"]
[SourceVersionDate "2018.10.10"]
[SourceQuality "1"]

1. d4 Nc6 2. Nf3 d6 3. Bg5 h6 4. Bh4 g5 5. Bg3 Bg7 6. c3 Nf6 7. e3 Nh5 8. Bc4 Nxg3 9. hxg3 d5 10. Bd3 a5 11. Nbd2 e5 12. dxe5 Nxe5 13. Nxe5 Bxe5 14. Nf3 Bg7 15. Nd4 c6 16. Nf5 Bxf5 17. Bxf5 a4 18. Qc2 a3 19. b3 Qf6 20. Rc1 0-0 21. 0-0 Rfe8 22. Rfd1 Re5 23. Bg4 Qe7 24. c4 Rd8 25. cxd5 Rexd5 26. Bf3 R5d6 27. Rxd6 Rxd6 28. Rd1 Bf8 29. Qf5 Rf6 30. Qd3 Qc5 31. g4 Rd6 32. Qe2 Qc3 33. Rxd6 Bxd6 34. Qd1 Qe5 35. g3 Kf8 36. Qc2 Ke7 37. Kf1 Qa1+ 38. Bd1 Be5 39. Ke2 Qb2 40. f4 Bf6 41. Kf3 Qxc2 42. Bxc2 Bc3 43. e4 Be1 44. e5 Ke6 45. Bd3 Ke7 46. f5 1/2-1/2

[Event "GER-chT Seniors 26th"]
[Site "Templin"]
[Date "2017.09.28"]
[Round "4.4"]
[White "Kuhne, Detlev"]
[Black "Grimm, Uwe"]
[Result "1/2-1/2"]
[WhiteElo "2108"]
[BlackElo "2090"]
[PlyCount "58"]
[EventDate "2017.09.25"]
[EventType "team-swiss"]
[EventRounds "7"]
[EventCountry "GER"]
[SourceTitle "EXT 2019"]
[Source "ChessBase"]
[SourceDate "2018.10.10"]
[SourceVersion "1"]
[SourceVersionDate "2018.10.10"]
[SourceQuality "1"]
[WhiteTeam "Brandenburg"]
[BlackTeam "Niedersachsen"]
[WhiteTeamCountry "GER"]
[BlackTeamCountry "GER"]

1. c4 Nc6 2. g3 Nf6 3. Bg2 e5 4. Nf3 d6 5. 0-0 Bd7 6. Nc3 Qc8 7. d4 Be7 8. b3 0-0 9. Bb2 Re8 10. dxe5 Nxe5 11. Nxe5 dxe5 12. Nd5 Nxd5 13. cxd5 Bd6 14. e4 Qd8 15. Rc1 Qe7 16. Qc2 a5 17. f4 f6 18. fxe5 fxe5 19. Qe2 a4 20. Bf3 Ra5 21. Qd2 Raa8 22. Bc3 axb3 23. axb3 Bb5 24. Be2 Bd7 25. Ra1 Bh3 26. Rxa8 Rxa8 27. Rf3 Bc5+ 28. Kh1 Rf8 29. Qd3 Rd8 1/2-1/2

[Event "GER-chT Seniors 26th"]
[Site "Templin"]
[Date "2017.09.25"]
[Round "1.4"]
[White "Grimm, Uwe"]
[Black "Fugmann, Bernd"]
[Result "1/2-1/2"]
[WhiteElo "2090"]
[BlackElo "1971"]
[PlyCount "64"]
[EventDate "2017.09.25"]
[EventType "team-swiss"]
[EventRounds "7"]
[EventCountry "GER"]
[SourceTitle "EXT 2019"]
[Source "ChessBase"]
[SourceDate "2018.10.10"]
[SourceVersion "1"]
[SourceVersionDate "2018.10.10"]
[SourceQuality "1"]
[WhiteTeam "Niedersachsen"]
[BlackTeam "Baden II"]
[WhiteTeamCountry "GER"]
[BlackTeamCountry "GER"]

1. f4 d5 2. Nf3 Nf6 3. e3 e6 4. b3 Be7 5. Bb2 Nbd7 6. Be2 0-0 7. 0-0 c5 8. Qe1 Ne4 9. d3 Bf6 10. Ne5 Nd6 11. Nd2 Nf5 12. Bg4 Nxe5 13. fxe5 Bg5 14. Bxf5 exf5 15. Nf3 Be7 16. a4 Be6 17. Kh1 Rc8 18. Rd1 Qb6 19. Ba3 Rfe8 20. e4 fxe4 21. dxe4 d4 22. Qg3 Rcd8 23. Nh4 Bxh4 24. Qxh4 Qc7 25. Qg3 a6 26. Bc1 Kh8 27. Bg5 Rd7 28. Rf6 b5 29. Rh6 g6 30. Rxg6 fxg6 31. Bf6+ Rg7 32. c4 Kg8 1/2-1/2

[Event "Hamburg-ch Seniors 23rd"]
[Site "Hamburg"]
[Date "2016.11.09"]
[Round "8"]
[White "Grimm, Uwe"]
[Black "Ristic, Sreten"]
[Result "1-0"]
[WhiteElo "2093"]
[BlackElo "1910"]
[PlyCount "77"]
[EventDate "2016.11.02"]
[EventType "swiss"]
[EventRounds "9"]
[EventCountry "GER"]
[SourceTitle "EXT 2019"]
[Source "ChessBase"]
[SourceDate "2018.10.10"]
[SourceVersion "1"]
[SourceVersionDate "2018.10.10"]
[SourceQuality "1"]

1. f4 d5 2. Nf3 Nf6 3. e3 c5 4. b3 g6 5. Bb2 Bg7 6. Be2 Nc6 7. Bb5 Bg4 8. Bxc6+ bxc6 9. 0-0 0-0 10. Qe1 Bxf3 11. Rxf3 d4 12. e4 Re8 13. d3 e5 14. f5 g5 15. Bc1 h6 16. a4 Nd7 17. Na3 f6 18. Bd2 Qe7 19. Qg3 Qf7 20. h4 Qh5 21. hxg5 hxg5 22. Nc4 Bf8 23. Qe1 Be7 24. Rh3 Qf7 25. Kf2 Kg7 26. Qe2 Rh8 27. Rah1 Rxh3 28. Rxh3 Rh8 29. Rxh8 Kxh8 30. Ba5 Qh7 31. Qg4 Qf7 32. Bc7 Kg8 33. Qh3 Kg7 34. Na5 Bf8 35. Nxc6 c4 36. bxc4 Nc5 37. Bxe5 Qe8 38. Bxf6+ Kxf6 39. Qh8+ 1-0

[Event "Hamburg-ch Seniors 23rd"]
[Site "Hamburg"]
[Date "2016.11.05"]
[Round "4"]
[White "Hawranke, Dietrich"]
[Black "Grimm, Uwe"]
[Result "1/2-1/2"]
[WhiteElo "2121"]
[BlackElo "2093"]
[PlyCount "41"]
[EventDate "2016.11.02"]
[EventType "swiss"]
[EventRounds "9"]
[EventCountry "GER"]
[SourceTitle "EXT 2019"]
[Source "ChessBase"]
[SourceDate "2018.10.10"]
[SourceVersion "1"]
[SourceVersionDate "2018.10.10"]
[SourceQuality "1"]

1. d4 d5 2. Nf3 c6 3. c4 Nf6 4. Nc3 e6 5. e3 Nbd7 6. Bd3 Bd6 7. 0-0 0-0 8. e4 dxe4 9. Nxe4 Nxe4 10. Bxe4 f5 11. Bc2 e5 12. c5 Be7 13. dxe5 Nxc5 14. Qe2 Kh8 15. Rd1 Qe8 16. Nd4 Qg6 17. Kh1 Ne6 18. Be3 Nxd4 19. Bxd4 Be6 20. Qe3 Bd5 21. f3 1/2-1/2

[Event "Hamburg-ch Seniors 22nd"]
[Site "Hamburg"]
[Date "2015.11.01"]
[Round "5"]
[White "Grimm, Uwe"]
[Black "Ditmas, Hugh"]
[Result "1/2-1/2"]
[WhiteElo "2142"]
[BlackElo "1905"]
[PlyCount "97"]
[EventDate "2015.10.28"]
[EventType "swiss"]
[EventRounds "9"]
[EventCountry "GER"]
[SourceTitle "EXT 2018"]
[Source "ChessBase"]
[SourceDate "2017.10.13"]
[SourceVersion "1"]
[SourceVersionDate "2017.10.13"]
[SourceQuality "1"]

1. f4 c5 2. Nf3 Nc6 3. b3 Nf6 4. Bb2 g6 5. e3 Bg7 6. Bb5 0-0 7. Bxc6 bxc6 8. 0-0 d5 9. Qe2 Qb6 10. Nc3 Ba6 11. d3 Nd7 12. Na4 Qc7 13. Bxg7 Kxg7 14. c4 Qd6 15. Qb2+ Kg8 16. Qa3 f6 17. Rad1 Rad8 18. g3 e5 19. d4 Qe6 20. Nxc5 Nxc5 21. dxc5 Qc8 22. Rc1 dxc4 23. bxc4 exf4 24. exf4 Rfe8 25. Qc3 Qf5 26. Qa5 Bc8 27. Rce1 Qd3 28. Rf2 Bg4 29. Ref1 Qxc4 30. Qxa7 Re2 31. Qa5 Rde8 32. Qa3 Rxf2 33. Rxf2 Bxf3 34. Qxf3 Qxc5 35. Qb3+ Kg7 36. Kg2 Re1 37. Qb7+ Kh6 38. Qd7 f5 39. Qd8 Kg7 40. Rd2 Re7 41. Kh3 Qe3 42. Rc2 c5 43. Qd6 Ra7 44. Rxc5 Qe2 45. Qd4+ Kh6 46. Rc2 Qf1+ 47. Kh4 Qf3 48. Kh3 Qf1+ 49. Kh4 1/2-1/2

[Event "Lueneburg distr-ch Meister"]
[Site "Tostedt"]
[Date "2015.10.24"]
[Round "5.5"]
[White "Grimm, Uwe"]
[Black "Cordes, Wigand"]
[Result "0-1"]
[WhiteElo "2142"]
[BlackElo "1830"]
[PlyCount "72"]
[EventDate "2015.10.22"]
[EventType "swiss"]
[EventRounds "7"]
[EventCountry "GER"]
[SourceTitle "EXT 2019"]
[Source "ChessBase"]
[SourceDate "2018.10.10"]
[SourceVersion "1"]
[SourceVersionDate "2018.10.10"]
[SourceQuality "1"]

1. f4 d5 2. Nf3 Nf6 3. e3 c5 4. b3 g6 5. Bb2 Bg7 6. Be2 Nc6 7. Bb5 Bd7 8. Bxc6 Bxc6 9. 0-0 0-0 10. d3 Ng4 11. Bxg7 Kxg7 12. Qe2 d4 13. e4 Ne3 14. Rc1 f6 15. c3 Qd6 16. cxd4 cxd4 17. Nbd2 Rad8 18. g3 e5 19. fxe5 fxe5 20. Nc4 Nxc4 21. bxc4 Rf6 22. Rf1 Rdf8 23. Kg2 Bd7 24. h3 h6 25. Ng1 b5 26. Rxf6 Qxf6 27. Rc1 b4 28. g4 h5 29. Rf1 Qxf1+ 30. Qxf1 Rxf1 31. Kxf1 hxg4 32. h4 Kh6 33. Kf2 a5 34. Ne2 a4 35. Nc1 Kh5 36. Kg3 Be6 0-1

[Event "Niedersachsen-ch Seniors 49th"]
[Site "Wesel Undeloh"]
[Date "2015.07.22"]
[Round "4"]
[White "Grimm, Uwe"]
[Black "Dornieden, Manfred"]
[Result "0-1"]
[WhiteElo "2062"]
[BlackElo "2073"]
[PlyCount "38"]
[EventDate "2015.07.19"]
[EventType "swiss"]
[EventRounds "7"]
[EventCountry "GER"]
[SourceTitle "EXT 2018"]
[Source "ChessBase"]
[SourceDate "2017.10.13"]
[SourceVersion "1"]
[SourceVersionDate "2017.10.13"]
[SourceQuality "1"]

1. f4 g6 2. Nf3 Bg7 3. e3 d6 4. Bc4 e6 5. Bb3 Nf6 6. d3 0-0 7. e4 c5 8. 0-0 Nc6 9. c3 b6 10. Kh1 Bb7 11. Qe1 Qc7 12. Qh4 Na5 13. Bc2 Rfe8 14. Nbd2 Qe7 15. g4 Nd7 16. Qh3 f6 17. Rb1 Rac8 18. Nb3 Nxb3 19. axb3 d5 0-1

[Event "Niedersachsen-ch Seniors 49th"]
[Site "Wesel Undeloh"]
[Date "2015.07.19"]
[Round "1"]
[White "Stummeyer, Dieter"]
[Black "Grimm, Uwe"]
[Result "1-0"]
[WhiteElo "1742"]
[BlackElo "2062"]
[PlyCount "157"]
[EventDate "2015.07.19"]
[EventType "swiss"]
[EventRounds "7"]
[EventCountry "GER"]
[SourceTitle "EXT 2018"]
[Source "ChessBase"]
[SourceDate "2017.10.13"]
[SourceVersion "1"]
[SourceVersionDate "2017.10.13"]
[SourceQuality "1"]

1. e4 Nc6 2. d4 e5 3. Nf3 exd4 4. Nxd4 Bc5 5. Be3 Qf6 6. c3 Nge7 7. Be2 d5 8. Bf3 dxe4 9. Bxe4 0-0 10. Qf3 Bxd4 11. cxd4 Qxf3 12. Bxf3 Rd8 13. Na3 Nxd4 14. 0-0-0 c5 15. Nb5 Bf5 16. Nxd4 cxd4 17. Bxd4 Nd5 18. Bxd5 Rxd5 19. Bc3 Be6 20. a3 Rf5 21. Rd2 h5 22. Rhd1 Kh7 23. f3 Rc8 24. Rd4 Rc7 25. h3 a6 26. R1d2 Rg5 27. g4 Re5 28. Rf2 Bb3 29. Kd2 Rce7 30. Re4 Rxe4 31. fxe4 Rxe4 32. gxh5 Rh4 33. Rg2 f6 34. Rg3 Bf7 35. Rd3 Rxh5 36. Rd7 Kg6 37. Rxb7 Rxh3 38. Ra7 Bc4 39. Bb4 Kh7 40. Bc3 Rd3+ 41. Kc2 Rd6 42. Bb4 Rc6 43. Bf8 Bf7+ 44. Kd3 Kg8 45. Be7 g5 46. Ke4 Kg7 47. b4 Kg6 48. Bc5 Bb3 49. Rb7 f5+ 50. Kd4 f4 51. b5 axb5 52. Rxb5 Bc2 53. Rb2 Bf5 54. Kd5 Ra6 55. Ke5 Re6+ 56. Kd5 Re1 57. a4 Ra1 58. Ke5 Bd7 59. Rb6+ Kh5 60. Rb7 Bxa4 61. Rg7 Bc2 62. Be7 Bg6 63. Kd4 Re1 64. Bb4 Re8 65. Ra7 g4 66. Be7 g3 67. Ra5+ Kg4 68. Rg5+ Kf3 69. Bd6 Re4+ 70. Kd5 Bf7+ 71. Kc5 Be6 72. Rg6 Bg4 73. Kd5 Ra4 74. Rf6 g2 75. Bc5 Ra2 76. Bg1 Rc2 77. Kd4 Ra2 78. Bh2 Re2 79. Rxf4# 1-0